书目信息 |
| 题名: |
微生物学实验
|
|
| 作者: | 范秀容 , 沈萍 编 | |
| 分册: | ||
| 出版信息: | 北京 高等教育出版社 1999 |
|
| 页数: | 234页 | |
| 开本: | 20cm | |
| 丛书名: | ||
| 单 册: | ||
| 中图分类: | Q93-33 | |
| 科图分类: | ||
| 主题词: | 微生物--实验 , 微生物学--实验--高等学校--教材 , 微生物--研究 | |
| 电子资源: | ||
| ISBN: | 7-04-007260-2 | |
| 000 | 00682cam0 2200253 459807 | |
| 001 | 0662803365 | |
| 005 | 20070727142312.40 | |
| 010 | @dCNY12.60@a7-04-007260-2 | |
| 100 | @a19980629d1999 y0chiy0121 ea | |
| 101 | 0 | @achi |
| 102 | @aCN@b110000 | |
| 105 | @ay z 000yy | |
| 106 | @ar | |
| 200 | 10 | @a微生物学实验@Awei sheng wu xue shi yan@f范秀容,沈萍编 |
| 210 | @a北京@c高等教育出版社@d1999 | |
| 215 | @a234页@d20cm | |
| 606 | 0 | @a微生物@x实验 |
| 606 | @a微生物学@x实验@x高等学校@x教材 | |
| 606 | 0 | @a微生物@x研究 |
| 690 | @aQ93-33@v3 | |
| 701 | 0 | @a范秀容@Afan xiu rong@4编 |
| 701 | 0 | @a沈萍@Ashen ping@4编 |
| 801 | 0 | @c20070727 |
| 905 | @a10447@dQ93-33@e20=3 | |
| 微生物学实验/范秀容,沈萍编 .-北京:高等教育出版社,1999 |
| 234页;20cm |
| ISBN 7-04-007260-2:CNY12.60 |
| ● |
| 相关链接 |
|
|
|
|
正题名:微生物学实验
索取号:Q93-33/20=3
 
预约/预借
| 序号 | 登录号 | 条形码 | 馆藏地/架位号 | 状态 | 备注 |
| 1 | 0484143 | 204841430 | 密集书库/ [索取号:Q93-33/20=3] | 在馆 | |
| 2 | 0484144 | 204841449 | 密集书库/ [索取号:Q93-33/20=3] | 在馆 | |
| 3 | 0484145 | 204841458 | 密集书库/ [索取号:Q93-33/20=3] | 在馆 | |
| 4 | 0484146 | 204841467 | 密集书库/ [索取号:Q93-33/20=3] | 在馆 | |
| 5 | 0484147 | 204841476 | 密集书库/ [索取号:Q93-33/20=3] | 在馆 | |
| 6 | 0484148 | 204841485 | 密集书库/ [索取号:Q93-33/20=3] | 在馆 | |
| 7 | 0484149 | 204841494 | 密集书库/ [索取号:Q93-33/20=3] | 在馆 | |
| 8 | 0484150 | 204841500 | 密集书库/ [索取号:Q93-33/20=3] | 在馆 | |
| 9 | 0484151 | 204841519 | 密集书库/ [索取号:Q93-33/20=3] | 在馆 | |
| 10 | 0658531 | 206585319 | 库房3/ [索取号:Q93-33/20=3] | 在馆 | |
| 11 | 0658532 | 206585328 | 库房3/ [索取号:Q93-33/20=3] | 在馆 | |
| 12 | 0768611 | 207686119 | 密集书库/ [索取号:Q93-33/20=3] | 在馆 | |
| 13 | 0775148 | 207751486 | 密集书库/ [索取号:Q93-33/20=3] | 在馆 | |
| 14 | 0775200 | 207752001 | 密集书库/ [索取号:Q93-33/20=3] | 在馆 | |
| 15 | 0778138 | 207781382 | 密集书库/ [索取号:Q93-33/20=3] | 在馆 | |
| 16 | 0778141 | 207781417 | 密集书库/ [索取号:Q93-33/20=3] | 在馆 | |
| 17 | 0778167 | 207781676 | 密集书库/ [索取号:Q93-33/20=3] | 在馆 | |
| 18 | 0778234 | 207782345 | 密集书库/ [索取号:Q93-33/20=3] | 在馆 | |
| 19 | 0779161 | 207791610 | 密集书库/ [索取号:Q93-33/20=3] | 在馆 | |
| 20 | 0779170 | 207791709 | 密集书库/ [索取号:Q93-33/20=3] | 在馆 | |
| 21 | 0787590 | 207875904 | 密集书库/ [索取号:Q93-33/20=3] | 在馆 | |
| 22 | 0787628 | 207876280 | 密集书库/ [索取号:Q93-33/20=3] | 在馆 | |
| 23 | 0787747 | 207877476 | 密集书库/ [索取号:Q93-33/20=3] | 在馆 | |
| 24 | 0787867 | 207878670 | 密集书库/ [索取号:Q93-33/20=3] | 在馆 |